FOOD PACKAGING TECHNOLOGY (Record no. 216152)
[ view plain ]
| 000 -LEADER | |
|---|---|
| fixed length control field | 00449nam a22001577a 4500 |
| 008 - FIXED-LENGTH DATA ELEMENTS--GENERAL INFORMATION | |
| fixed length control field | 251110b |||||||| |||| 00| 0 eng d |
| 022 ## - INTERNATIONAL STANDARD SERIAL NUMBER | |
| International Standard Serial Number | 979-8-88715-064-2 |
| 100 ## - MAIN ENTRY--PERSONAL NAME | |
| Personal name | BERRY, PHILIP |
| 245 ## - TITLE STATEMENT | |
| Title | FOOD PACKAGING TECHNOLOGY |
| 260 ## - PUBLICATION, DISTRIBUTION, ETC. | |
| Place of publication, distribution, etc. | DUBLIN |
| Name of publisher, distributor, etc. | ORYSON PRESS |
| Date of publication, distribution, etc. | 2023 |
| 300 ## - PHYSICAL DESCRIPTION | |
| Extent | VI, 268P. |
| 500 ## - GENERAL NOTE | |
| General note | INCLUDES INDEX |
| 650 ## - SUBJECT ADDED ENTRY | |
| Topical term or geographic name entry element | 1. FOOD- PACKAGING 2. FOOD-MICROBIOLOGY 3. FOOD QUALITY CONTROL |
| 942 ## - ADDED ENTRY ELEMENTS (KOHA) | |
| Source of classification or shelving scheme | Library of Congress Classification |
| Koha item type | Long Loan Book |
| Withdrawn status | Lost status | Source of classification or shelving scheme | Damaged status | Not for loan | Home library | Current library | Date acquired | Inventory number | Total checkouts | Full call number | Barcode | Date last seen | Copy number | Price effective from | Koha item type |
|---|---|---|---|---|---|---|---|---|---|---|---|---|---|---|---|
| Library of Congress Classification | Kisii University Library | Kisii University Library | 11/10/2025 | 109657 | TX 531. B47 2023 | 000000017786 | 11/10/2025 | C.1 | 11/10/2025 | Long Loan Book | |||||
| Library of Congress Classification | Kisii University Library | Kisii University Library | 11/10/2025 | 109658 | TX 531. B47 2023 | 000000017785 | 11/10/2025 | C.2 | 11/10/2025 | Long Loan Book | |||||
| Library of Congress Classification | Kisii University Library | Kisii University Library | 11/10/2025 | 109659 | TX 531. B47 2023 | 000000017784 | 11/10/2025 | C.3 | 11/10/2025 | Long Loan Book | |||||
| Library of Congress Classification | Kisii University Library | Kisii University Library | 11/10/2025 | 109660 | TX 531. B47 2023 | 000000017783 | 11/10/2025 | C.4 | 11/10/2025 | Long Loan Book |